Представление документа в формате MARC21

Поле Инд. ПП Название Значение
Тип записи a
Библиографический уровень b
001 Контрольный номер UNIDUBNA52f43dc69e8d496a9dbaf515974eea86
005 Дата корректировки 20250815181710.8
008 Кодируемые данные 20170331
040 b Код языка каталог. rus
e Правила каталог. PSBO
041 0_ a Код языка текста rus
084 a Индекс другой классификации/Индекс ББК 60.9; 88.91; 88.93; 88.5-8
100 1_ a Автор Арпентьева М. Р.
q Полное имя Арпентьева Мариям Равильевна
245 10 a Заглавие Диагностика и коррекция девиаций у студентов вузов
504 a Библиография Лит. в конце статьи
520 0_ a Аннотация Цель исследования - осмысление проблем психодиагностики и психокоррекции девиаций у студентов вузов, анализ типов девиаций, методик и принципов диагностической и коррекционной работы с ними...
650 14 a Основная рубрика практическая психология (прикладная психология)
a Основная рубрика психодиагностика
a Основная рубрика психокоррекция
a Основная рубрика психология
a Основная рубрика социальная психология
a Основная рубрика социальная работа
653 0_ a Ключевые слова аберрантное поведение
a Ключевые слова арттерапия
a Ключевые слова бихевиоральный подход
a Ключевые слова высшее образование
a Ключевые слова девиантное поведение
a Ключевые слова деятельностный подход
a Ключевые слова когнитивный подход
a Ключевые слова комплексный подход
a Ключевые слова модели девиаций
a Ключевые слова молодежь
a Ключевые слова найкан-терапия
a Ключевые слова подростки
a Ключевые слова психоанализ
a Ключевые слова психодрама
a Ключевые слова психосинтез
a Ключевые слова психосоциальная работа
a Ключевые слова Россия
a Ключевые слова социальная поддержка
a Ключевые слова социальное здоровье
a Ключевые слова социально-психологическая поддержка
a Ключевые слова студенты
a Ключевые слова телесно-ориентированная психотерапия
a Ключевые слова теоретические модели
a Ключевые слова теория альтернативных норм
a Ключевые слова теория врожденной девиантности
a Ключевые слова теория разрушенных норм
a Ключевые слова теория социального отчуждения
a Ключевые слова теория сравнительных возможностей
a Ключевые слова теория стигматизации
a Ключевые слова теория творческой девиации
a Ключевые слова типы девиантного поведения
a Ключевые слова трансперсональный подход
a Ключевые слова экзистенциально-гуманистический подход
a Ключевые слова юноши
773 08 t Заглавие источника Отечественный журнал социальной работы
d Дата издания источника 2023
g Прочая информация № 4. - С. 80 - 98 : табл., схем.
w Контрольный № источника UNIDUBNA8519d4f2c1714d859c3e1f0162350cf7
901 t Тип документа b